| 000 | 00857nas a2200253 4500 | ||
|---|---|---|---|
| 001 | BR9503636 | ||
| 003 | BR-BrBNA | ||
| 005 | 20231205094051.0 | ||
| 007 | ta | ||
| 008 | 230509b bl.|||p| |||| 00| 00por d | ||
| 040 |
_aBR-BrBNA _bpor _cBiblioteca Nacional de Agricultura |
||
| 041 | _a(Pt) | ||
| 072 | _aQ03; J13 | ||
| 100 | 1 | _aBrant, P.C. | |
| 100 | 1 | _aGouveia, A.L. | |
| 100 | 1 | _aCosta, A.S. da | |
| 245 | 1 | _aPrejuizos causados pelas condenacoes de bovinos abatidos nos Frigorificos de Minas Gerais S/A durante os anos de 1963, 1964 e 1965 | |
| 650 | _aBovino | ||
| 650 | _aPreservacao de Alimento | ||
| 650 | _aControle de Qualidade | ||
| 773 | 0 |
_tArquivos da Escola de Veterinaria da Universidade Federal de Minas Gerais (Brazil) _x _g(1965), v. 17 p. 177-189 _wBR9503636 |
|
| 909 |
_a202311 _bLúcia _c55 _dLúcia Elande |
||
| 942 |
_2AGRIS _n0 _cANA |
||
| 999 |
_c141874 _d141874 |
||